<?xml version="1.0" encoding="UTF-8"?><?xml-stylesheet type="text/xsl" href="static/style.xsl"?><OAI-PMH xmlns="http://www.openarchives.org/OAI/2.0/" xmlns:xsi="http://www.w3.org/2001/XMLSchema-instance" xsi:schemaLocation="http://www.openarchives.org/OAI/2.0/ http://www.openarchives.org/OAI/2.0/OAI-PMH.xsd"><responseDate>2026-04-17T18:20:00Z</responseDate><request verb="GetRecord" identifier="oai:www.recercat.cat:20.500.14007/4912" metadataPrefix="marc">https://recercat.cat/oai/request</request><GetRecord><record><header><identifier>oai:recercat.cat:20.500.14007/4912</identifier><datestamp>2026-03-07T01:20:50Z</datestamp><setSpec>com_2072_116593</setSpec><setSpec>com_2072_5211</setSpec><setSpec>col_2072_481490</setSpec></header><metadata><record xmlns="http://www.loc.gov/MARC21/slim" xmlns:dcterms="http://purl.org/dc/terms/" xmlns:xsi="http://www.w3.org/2001/XMLSchema-instance" xmlns:doc="http://www.lyncode.com/xoai" xsi:schemaLocation="http://www.loc.gov/MARC21/slim http://www.loc.gov/standards/marcxml/schema/MARC21slim.xsd">
   <leader>00925njm 22002777a 4500</leader>
   <datafield ind2=" " ind1=" " tag="042">
      <subfield code="a">dc</subfield>
   </datafield>
   <datafield ind2=" " ind1=" " tag="720">
      <subfield code="a">Shtefchyk Tatarchuk, Kiril</subfield>
      <subfield code="e">author</subfield>
   </datafield>
   <datafield ind2=" " ind1=" " tag="260">
      <subfield code="c">2025</subfield>
   </datafield>
   <datafield ind2=" " ind1=" " tag="520">
      <subfield code="a">Anàlisi de la Just War Theory i revisió de l'adequació dels arguments de Rússia en el conflicte amb Ucraïna.</subfield>
   </datafield>
   <datafield ind1="8" ind2=" " tag="024">
      <subfield code="a">Shtefchyk Tatarchuk, Kiril. Russia’s war in Ukraine: A perspective from just war theory. Instituto Universitario General Gutiérrez Mellado. 2025. [Tesi no editada, Instituto Universitario General Gutiérrez Mellado. Universidad Nacional de Educación a Distancia. Máster universitario en paz, seguridad y defensa]. 113 p.</subfield>
   </datafield>
   <datafield ind1="8" ind2=" " tag="024">
      <subfield code="a">https://hdl.handle.net/20.500.14007/4912</subfield>
   </datafield>
   <datafield tag="653" ind2=" " ind1=" ">
      <subfield code="a">Política i guerra (Ucraïna)</subfield>
   </datafield>
   <datafield tag="653" ind2=" " ind1=" ">
      <subfield code="a">Política i guerra (Rússia)</subfield>
   </datafield>
   <datafield tag="653" ind2=" " ind1=" ">
      <subfield code="a">Invasió russa d'Ucraïna, 2022-</subfield>
   </datafield>
   <datafield ind2="0" ind1="0" tag="245">
      <subfield code="a">Russia’s war in Ukraine: A perspective from just war theory (2025)</subfield>
   </datafield>
</record></metadata></record></GetRecord></OAI-PMH>